Responses for Show #6636 - Monday, June 24, 2013

Andrew Moore game 6.

Contestants

[<< previous game]

Joel Hart, a college admissions officer from Los Angeles, California

Britta Waller, a magazine and website editor from Greensboro, North Carolina

Andrew Moore, a test prep instructor from Buford, Georgia (whose 5-day cash winnings total $131,003)

[next game >>]

Jeopardy! Round responses

RED STATES
A FIRST NAME BASIS
WHOSE LATE NIGHT SKIT
(Alex: We want you to name the host of the show for us.)
D.I.Y.
6-LETTER ELEMENTS
DURIG CHOCOLATIER
(Alex: And finally, we join our Clue Crew on a visit to [*] in Europe.)
    $200 24
Texas

Andrew
    $200 29
Adam

Andrew
    $200 28
David Letterman

Britta
    $200 30
(Andrew: What is weatherproofing?)

caulking

AndrewJoel
    $200 5
Helium

Andrew
    $200 14
liquor

Andrew
    $400 23
North Carolina

Joel
    $400 21
a bobby pin

Andrew
    $400 27
Conan O'Brien

Joel
    $400 26
vinegar (or salt)

Andrew
    $400 25
carbon

Andrew
    $400 13
truffles

Joel
    $600 9
Indiana

Andrew
    $600 20
Tom, Dick & Harry

Andrew
    $600 15
Craig Ferguson

Triple Stumper
    $600 19
solder

Britta
    $600 22
iodine

Andrew
    $600 12
fair trade

Britta
    $800 1
West Virginia

Joel
    $800 4
Charley

Britta
    $800 16
Jimmy Fallon

Triple Stumper
    $800 18
a hammer

Andrew
    $1,200 8
sulfur

Andrew
    $800 11
air bubbles

Britta
    $1000 2
Kansas & Nebraska

Andrew
    $1000 3
Nervous Nellies

Andrew
    $1000 17
Jimmy Kimmel

Andrew
    $1000 7
a keyhole saw

Triple Stumper
    $1000 6
(Andrew: What is uranium?)

radium

Andrew
Triple Stumper
    $1000 10
criollo

Triple Stumper

Scores at the first commercial break (after clue 14):

Andrew Britta Joel
$3,200 $2,200 $1,200

Scores at the end of the Jeopardy! Round:

Andrew Britta Joel
$7,600 $3,000 $2,200

Double Jeopardy! Round responses

BLUE STATES
THE ENGLISH CIVIL WARS
READING BY THE NUMBERS
THE FILM WITHIN THE FILM
THE COUNTRY'S MAJOR RELIGION
LET'S GO ON "TUR"
(Alex: Each correct response will begin with those three letters--"T-U-R".)
    $400 1
depression

Britta
    $400 25
the Stuarts

Joel
    $400 27
(Britta: Who was Cleopatra?)

Juliet

Britta
Triple Stumper
    $400 28
Psycho

Andrew
    $400 17
(Andrew: What is Shiite?)

Sunni

AndrewJoel
    $400 8
a turnstile

Andrew
    $800 2
Misery

Joel
    $800 26
Parliament

Andrew
    $800 23
Psalms

Andrew
    $800 29
Singin' in the Rain

Triple Stumper
    $800 18
Buddhism

Andrew
    $800 13
turf

Joel
    $1200 3
melancholy

Triple Stumper
    $1200 20
(Oliver) Cromwell

Andrew
    $1200 9
James Frey

Britta
    $1200 11
My Week With Marilyn

Britta
    $1200 24
Greek (or Eastern) Orthodox

Joel
    $1200 14
a tureen

Joel
    $1600 4
seasonal affective disorder

Andrew
    $1600 19
lots

Britta
    $1600 10
(Jules) Verne

Andrew
    $1600 12
The Player

Triple Stumper
    $1600 5
Lutheran

Britta
    $1600 15
turpitude

Joel
    $1,000 7
(Britta: What is the Sad Swamp?)

gloomy

Britta
    $2000 21
the Roundheads

Andrew
    $2000 22
(John) Locke

Joel
    $2000 30
The Stunt Man

Triple Stumper
    $2,500 6
(Britta: What is Buddhism?)

Roman Catholicism

Britta
    $2000 16
turmeric

Britta

Scores at the end of the Double Jeopardy! Round:

Andrew Britta Joel
$16,800 $7,100 $10,600

[wagering suggestions for these scores]

Final Jeopardy! Round responses

WORLD GEOGRAPHY
BrittaWhat are
$2,500
JoelWhat (scribble) are Mt Ararat and Mt Everest
$6,200
AndrewWhat are Mt Everest & Mt Sinai?
$10,000
Mt. Everest & The Dead Sea

Final scores:

Andrew Britta Joel
$6,800 $4,600 $4,400
6-day champion: $137,803 2nd place: $2,000 3rd place: $1,000

Game dynamics:

Coryat scores:

Andrew Britta Joel
$16,400 $10,600 $10,600
24 R
(including 1 DD),
3 W
11 R,
3 W
(including 2 DDs)
13 R,
0 W

Combined Coryat: $37,600

[game clues] [game scores] [suggest correction]

Game tape date: 2013-02-13
The J! Archive is created by fans, for fans. Scraping, republication, monetization, and malicious use prohibited; this site may use cookies and collect identifying information. See terms. The Jeopardy! game show and all elements thereof, including but not limited to copyright and trademark thereto, are the property of Jeopardy Productions, Inc. and are protected under law. This website is not affiliated with, sponsored by, or operated by Jeopardy Productions, Inc. Join the discussion at JBoard.tv.